000 00259nam a22001097a 4500
008 160511b xxu||||| |||| 00| 0 eng d
020 _a10577416
041 _aeng
080 _a316.77
245 _aThe first amendment:
_cMedia studies journal;
942 _2udc
_cBK
999 _c2032
_d2032